000 01051nam a2200289 a 4500
001 BRL_1825
005 20190320211402.0
008 060815s1994----mx-a######---#000-0#spa-#
020 _a9686533265
041 _aspaeng
050 4 _aNK844
_b.U86 1 1994
245 1 0 _aRebozos de la colección Robert Everts
_cIrène Logan ... [et al.].
260 _aMéxico
_bMuseo Franz Mayer : Artes de México
_c1994
300 _a59 p.
_bil. a color
_c23 cm.
440 0 _aColección Uso y estilo
_v1
_927983
500 _aCatálogo de la exposición realizada en el Museo Franz Mayer (Ciudad de México), 1994
500 _aLa biblioteca cuenta con 2 ejemplares
500 _aej.1 Au387, ej.2 Au2199
504 _aBibliografía : p. 58-59
546 _aTexto en : español e inglés
600 1 4 _aEverts, Robert
_d1875-1942
_xColecciones de arte
_92424
650 1 4 _aChales y mantones
_xColecciones privadas
_zMéxico
_92425
700 1 _aLogan, Irène
_92426
710 2 _aMuseo Franz Mayer (Ciudad de México)
_92266
902 _aGRL
942 _2lcc
_cB
999 _c10633
_d10633